000 00384nam a2200145Ia 4500
008 230711s9999||||xx |||||||||||||| ||und||
041 _aENG
082 _a621.3192
_bRY-N
100 _aRyder,John D
245 0 _aNetworks lines and fields
250 _a2nd . Ed.
260 _c2005
_aNew Delhi
_bPrentice-Hall of India Private Limited
650 _aElectrical Engineering
942 _cBK
999 _c4425
_d4425